[Event "Zagreb Vukovar"]
[Site "Zagreb"]
[Date "1993.??.??"]
[Round "8"]
[White "Spraggett, Kevin"]
[Black "Mohr, Georg"]
[Result "1/2-1/2"]
[WhiteElo "2565"]
[BlackElo "2435"]
[PlyCount "59"]
[EventDate "1993.05.??"]
[EventType "tourn"]
[EventRounds "9"]
[EventCountry "CRO"]
[EventCategory "9"]
[Source "ChessBase"]
[SourceDate "1996.11.15"]
[WhiteTeamCountry "YUG"]
[BlackTeamCountry "ISR"]

1. d4 Nf6 2. Nf3 g6 3. c4 Bg7 4. g3 O-O 5. Bg2 c5 6. d5 b5 7. cxb5 d6 8. Nc3 a6
9. bxa6 Bxa6 10. O-O Nbd7 11. Bf4 Ra7 12. h3 Qa8 13. Re1 Rb8 14. b3 Bb7 15. e4
Nxe4 16. Nxe4 Bxa1 17. Qxa1 Bxd5 18. Bh6 f6 19. Qd1 Bxe4 20. Rxe4 Qxe4 21. Ng5
Qd4 22. Bd5+ Kh8 23. Nf7+ Kg8 24. Nxd6+ Kh8 25. Nf7+ Kg8 26. Ng5+ e6 27. Bxe6+
Kh8 28. Nf7+ Kg8 29. Ne5+ Kh8 30. Nf7+ 1/2-1/2

[Event "Novi Sad op"]
[Site "Novi Sad"]
[Date "1988.??.??"]
[Round "8"]
[White "Nikolic, Nebojsa"]
[Black "Petronic, Jovan"]
[Result "0-1"]
[WhiteElo "2375"]
[BlackElo "2280"]
[PlyCount "80"]
[EventDate "1988.06.??"]
[EventType "swiss"]
[EventRounds "11"]
[EventCountry "YUG"]
[Source "ChessBase"]
[SourceDate "1996.11.15"]
[WhiteTeamCountry "YUG"]
[BlackTeamCountry "ISR"]

1. d4 Nf6 2. c4 c5 3. d5 b5 4. cxb5 a6 5. bxa6 Bxa6 6. Nf3 d6 7. g3 g6 8. Bg2
Bg7 9. O-O O-O 10. Nc3 Nbd7 11. Bf4 Qb6 12. Qc1 Rfb8 13. b3 Ra7 14. Rb1 Ne8 15.
Bh3 Qb7 16. Re1 Nb6 17. Bg2 Bxc3 18. Qxc3 Nxd5 19. Qd2 Nxf4 20. Qxf4 Qd7 21.
Ng5 Qf5 22. Qd2 Bb7 23. e4 Qf6 24. h4 Ng7 25. e5 dxe5 26. Bxb7 Raxb7 27. Qc3
Qa6 28. Qxc5 h6 29. Ne4 Qxa2 30. Qxe5 Ne6 31. h5 Rb5 32. Qc3 Rxh5 33. Qc4 Qa8
34. Rbd1 Qb7 35. Re3 Rb5 36. Nd2 Rd5 37. Rd3 Rxd3 38. Qxd3 Rd8 39. Qc2 Qd7 40.
Kf1 Nd4 0-1

[Event "Saint John op-2"]
[Site "Saint John"]
[Date "1988.??.??"]
[Round "?"]
[White "Lalic, Bogdan"]
[Black "Wilder, Michael"]
[Result "1-0"]
[WhiteElo "2495"]
[BlackElo "2535"]
[PlyCount "66"]
[EventDate "1988.01.??"]
[EventType "swiss"]
[EventRounds "9"]
[EventCountry "CAN"]
[Source "ChessBase"]
[SourceDate "1996.11.15"]
[WhiteTeamCountry "YUG"]
[BlackTeamCountry "ISR"]

1. d4 Nf6 2. c4 c5 3. d5 b5 4. cxb5 a6 5. bxa6 Bxa6 6. Nc3 d6 7. Nf3 g6 8. g3
Bg7 9. Bg2 Nbd7 10. O-O O-O 11. Bf4 Qb6 12. Rb1 Qb7 13. Re1 Bc4 14. b3 Bxd5 15.
Nxd5 Qxd5 16. Nd2 Qh5 17. Bxa8 Rxa8 18. a4 e5 19. Be3 d5 20. f3 Re8 21. Bf2 e4
22. fxe4 dxe4 23. Nf1 Ne5 24. Qc2 Qh3 25. Bxc5 Rc8 26. b4 Bf8 27. a5 Qf5 28.
Rec1 Nfg4 29. a6 Bxc5+ 30. bxc5 Qf2+ 31. Kh1 Qf5 32. a7 Nc6 33. Qa4 e3 1-0

[Event "Lyon op"]
[Site "Lyon"]
[Date "1990.??.??"]
[Round "?"]
[White "Manor, Ilan"]
[Black "Maus, Soenke"]
[Result "1-0"]
[WhiteElo "2450"]
[BlackElo "2400"]
[PlyCount "109"]
[EventDate "1990.12.??"]
[EventType "swiss"]
[EventRounds "11"]
[EventCountry "FRA"]
[Source "ChessBase"]
[SourceDate "1996.11.15"]
[WhiteTeamCountry "YUG"]
[BlackTeamCountry "ISR"]

1. d4 Nf6 2. c4 c5 3. d5 b5 4. cxb5 a6 5. bxa6 Bxa6 6. Nc3 d6 7. g3 g6 8. Bg2
Bg7 9. Nf3 O-O 10. O-O Nbd7 11. Qc2 Qb6 12. Rd1 Rfb8 13. Rb1 Ng4 14. Bd2 Rc8
15. h3 Nge5 16. Nxe5 Nxe5 17. b3 Qb4 18. a4 Qa5 19. Be1 Rab8 20. Kh2 Qc7 21. f4
Nd7 22. e4 Rb6 23. Bd2 Qb8 24. Be3 Rc7 25. Na2 Bd4 26. Bd2 Rcb7 27. Nc1 Ra7 28.
a5 Rbb7 29. Be1 Rc7 30. Ne2 Bg7 31. Bf3 Qb5 32. Nc1 Qf1 33. Bg2 Qb5 34. Bd2 Nb8
35. Bf1 Qd7 36. Nd3 Bb5 37. Nb2 Na6 38. Bxb5 Qxb5 39. Nc4 Nb4 40. Bxb4 cxb4 41.
Qd3 Bc3 42. Kg2 Rc5 43. Rbc1 Rb7 44. Rc2 Qd7 45. Qf3 Rbb5 46. Rcc1 Qc7 47. Qd3
Qb7 48. Rc2 f5 49. Re2 Bf6 50. Qf3 Bc3 51. g4 Qc7 52. gxf5 gxf5 53. e5 Rxc4 54.
bxc4 Rxa5 55. Kh2 1-0

[Event "Oakham YM"]
[Site "Oakham"]
[Date "1992.??.??"]
[Round "2"]
[White "Buckley, Graeme"]
[Black "Gokhale, Jayant Suresh"]
[Result "0-1"]
[WhiteElo "2205"]
[BlackElo "2325"]
[PlyCount "86"]
[EventDate "1992.03.??"]
[EventType "swiss"]
[EventRounds "9"]
[EventCountry "ENG"]
[Source "ChessBase"]
[SourceDate "1996.11.15"]
[WhiteTeamCountry "YUG"]
[BlackTeamCountry "ISR"]

1. d4 Nf6 2. c4 c5 3. d5 b5 4. cxb5 a6 5. bxa6 Bxa6 6. g3 d6 7. Nc3 g6 8. Bg2
Bg7 9. Nf3 O-O 10. O-O Nbd7 11. Qc2 Qb6 12. Rb1 Rfb8 13. Rd1 Ng4 14. Bg5 Qd8
15. a3 h6 16. Bd2 Nge5 17. Nxe5 Nxe5 18. b4 cxb4 19. axb4 Nc4 20. Bc1 Rc8 21.
Rb3 Nb6 22. e4 Bc4 23. Rb1 Ba2 24. Qxa2 Rxa2 25. Nxa2 Rc2 26. Be3 Rxa2 27. Rdc1
Na4 28. Rb3 Rb2 29. Rxb2 Bxb2 30. Rc4 Qb8 31. Bxh6 Bg7 32. Bd2 Nb2 33. Rc2 Bd4
34. Bf1 Qa7 35. Be1 Qa1 36. Bc3 Bxc3 37. Rxc3 Nd1 38. Rd3 Nc3 39. Kg2 Qb2 40.
Rd4 Kg7 41. h4 Kf6 42. Rd3 Nxe4 43. Rf3+ Kg7 0-1

[Event "Lugano op"]
[Site "Lugano"]
[Date "1989.??.??"]
[Round "6"]
[White "Rasmussen, Lars Bo"]
[Black "Steinfl, Alessandro"]
[Result "0-1"]
[WhiteElo "2295"]
[BlackElo "2290"]
[PlyCount "56"]
[EventDate "1989.03.??"]
[EventType "swiss"]
[EventRounds "9"]
[EventCountry "SUI"]
[Source "ChessBase"]
[SourceDate "1996.11.15"]
[WhiteTeamCountry "YUG"]
[BlackTeamCountry "ISR"]

1. d4 Nf6 2. c4 c5 3. d5 b5 4. cxb5 a6 5. bxa6 Bxa6 6. Nc3 d6 7. g3 g6 8. Nf3
Bg7 9. Bg2 O-O 10. O-O Nbd7 11. Qc2 Ra7 12. h3 Qa8 13. Rd1 Nb6 14. e4 Bb7 15.
Ne1 Rc8 16. Kh2 Nfd7 17. f4 Na4 18. Nf3 Nxc3 19. bxc3 Nb6 20. Ng1 Na4 21. Bd2
Ba6 22. Qxa4 Bd3 23. Qxa7 Qxa7 24. a4 Rb8 25. a5 Rb5 26. a6 Rb6 27. Be1 Rxa6
28. Rac1 c4 0-1

[Event "Montpellier"]
[Site "Montpellier"]
[Date "1987.??.??"]
[Round "?"]
[White "Barbero, Gerardo F"]
[Black "Fedorowicz, John P"]
[Result "1-0"]
[WhiteElo "2405"]
[BlackElo "2535"]
[PlyCount "93"]
[EventDate "1987.??.??"]
[EventType "tourn"]
[EventRounds "9"]
[EventCountry "FRA"]
[EventCategory "8"]
[Source "ChessBase"]
[SourceDate "1996.11.15"]
[WhiteTeamCountry "YUG"]
[BlackTeamCountry "ISR"]

1. d4 Nf6 2. c4 c5 3. d5 b5 4. cxb5 a6 5. bxa6 g6 6. Nc3 Bxa6 7. Nf3 d6 8. g3
Bg7 9. Bg2 O-O 10. O-O Nbd7 11. Qc2 Ra7 12. Rd1 Qa8 13. h3 Bc4 14. a3 Rb8 15.
Nd2 Ba6 16. b3 Ne8 17. Bb2 Nc7 18. a4 Qb7 19. Rab1 Qc8 20. Ba1 Rab7 21. Kh2 Ne5
22. f4 Nd7 23. e3 Qe8 24. Re1 Ra7 25. Nd1 Nf6 26. e4 e6 27. e5 dxe5 28. Qxc5
Rab7 29. d6 Ncd5 30. fxe5 Nd7 31. Qf2 Rb4 32. Ne3 N7b6 33. Rbc1 h5 34. Nxd5
Nxd5 35. Bxd5 exd5 36. e6 Bxa1 37. Rxa1 fxe6 38. Qf6 Bc8 39. Rac1 R4b7 40. Rf1
Rg7 41. Rc7 Bd7 42. Nf3 Rb6 43. Ne5 Rxd6 44. Rfc1 d4 45. Nxd7 Rgxd7 46. Rc8 Rd8
47. R1c7 1-0

[Event "Borovo"]
[Site "Borovo"]
[Date "1991.??.??"]
[Round "6"]
[White "Ilincic, Zlatko"]
[Black "Pavlovic, Dragan"]
[Result "1/2-1/2"]
[WhiteElo "2470"]
[BlackElo "2300"]
[PlyCount "105"]
[EventDate "1991.02.??"]
[EventType "tourn"]
[EventRounds "9"]
[EventCountry "YUG"]
[EventCategory "7"]
[Source "ChessBase"]
[SourceDate "1996.11.15"]
[WhiteTeamCountry "YUG"]
[BlackTeamCountry "ISR"]

1. d4 Nf6 2. c4 c5 3. d5 b5 4. cxb5 a6 5. bxa6 g6 6. Nc3 d6 7. Nf3 Bg7 8. g3
O-O 9. Bg2 Bxa6 10. O-O Nbd7 11. Qc2 Qa5 12. Bd2 Rfb8 13. h3 Ne8 14. Rfe1 Nc7
15. b3 Nb5 16. Nxb5 Qxb5 17. Bc3 Bxc3 18. Qxc3 Ra7 19. e4 f6 20. h4 Qd3 21. Qc1
Kg7 22. h5 Rf8 23. Re3 Qb5 24. Nh4 Ne5 25. Bh3 Bc8 26. Bxc8 Rxc8 27. hxg6 hxg6
28. Qd1 Qd7 29. f4 Ng4 30. Rc3 Rh8 31. Qe2 Ra3 32. Kg2 Kf7 33. Rh1 Rh6 34. Rc2
Ra8 35. f5 gxf5 36. Nxf5 Rxh1 37. Kxh1 Rh8+ 38. Kg1 Ne5 39. Qd1 Qa7 40. Kg2 Qa5
41. Qe2 Qb4 42. Rc1 Ke8 43. Ng7+ Kd7 44. Rh1 Rxh1 45. Kxh1 c4 46. Qf2 c3 47.
Qa7+ Kc8 48. Qa8+ Qb8 49. Qa4 c2 50. Qe8+ Kb7 51. Qb5+ Ka7 52. Qa5+ Kb7 53.
Qb5+ 1/2-1/2

[Event "YUG-Cup 34th"]
[Site "Pula"]
[Date "1991.05.14"]
[Round "1"]
[White "Ilincic, Zlatko"]
[Black "Boric, Muhamed"]
[Result "1-0"]
[WhiteElo "2490"]
[BlackElo "2345"]
[PlyCount "109"]
[EventDate "1991.??.??"]
[EventType "team"]
[EventRounds "5"]
[EventCountry "YUG"]
[Source "ChessBase"]
[SourceDate "1996.11.15"]
[WhiteTeam "Partizan /BG/"]
[BlackTeam "Partizan /SA/"]
[WhiteTeamCountry "YUG"]
[BlackTeamCountry "YUG"]

1. d4 Nf6 2. c4 g6 3. Nf3 Bg7 4. g3 c5 5. d5 b5 6. cxb5 d6 7. Nc3 O-O 8. Bg2 a6
9. bxa6 Bxa6 10. O-O Nbd7 11. Qc2 Qa5 12. Bd2 Rfb8 13. h3 Ne8 14. Rfe1 Qb6 15.
Rab1 Nc7 16. b3 Bb7 17. e4 e6 18. dxe6 Nxe6 19. Nd5 Qa7 20. a4 Ne5 21. Nxe5
Bxe5 22. Bc3 Bxd5 23. exd5 Nd4 24. Bxd4 Bxd4 25. Bf1 Qa5 26. Bb5 Rxb5 27. axb5
Qxb5 28. Re7 Rb8 29. Qe4 Bf6 30. Rc7 Qb4 31. Qxb4 Rxb4 32. Rc6 Kg7 33. Re1 Rxb3
34. Rxd6 Rd3 35. Re2 c4 36. Rc2 Rd1+ 37. Kg2 c3 38. Kf3 Be5 39. Rd7 Kf6 40. Ke2
Ra1 41. f4 Bd4 42. Kd3 Rd1+ 43. Ke4 Rd2 44. Rc1 Kg7 45. g4 Kf8 46. d6 h6 47. h4
h5 48. g5 f5+ 49. Kd5 Be3+ 50. Ke6 Re2 51. Ra1 Bxf4+ 52. Kf6 Re8 53. Rf7+ Kg8
54. d7 Rd8 55. Re7 1-0

[Event "Baden-Baden"]
[Site "Baden-Baden"]
[Date "1985.??.??"]
[Round "10"]
[White "Smejkal, Jan"]
[Black "Polgar, Zsuzsa"]
[Result "1-0"]
[WhiteElo "2565"]
[BlackElo "2430"]
[PlyCount "95"]
[EventDate "1985.07.??"]
[EventType "tourn"]
[EventRounds "13"]
[EventCountry "GER"]
[EventCategory "9"]
[Source "ChessBase"]
[SourceDate "1996.11.15"]
[WhiteTeamCountry "YUG"]
[BlackTeamCountry "YUG"]

1. c4 g6 2. Nf3 Nf6 3. d4 Bg7 4. g3 O-O 5. Bg2 d6 6. O-O c5 7. d5 b5 8. cxb5 a6
9. bxa6 Bxa6 10. Nc3 Nbd7 11. Qc2 Qa5 12. Rd1 Rfb8 13. b3 Rb7 14. Rb1 Ne8 15.
Bd2 Qd8 16. Be1 Nc7 17. Bf1 Raa7 18. a4 Rb8 19. e4 Qc8 20. Bh3 Ne8 21. Nd2 Qd8
22. Bf1 Ne5 23. Bxa6 Rxa6 24. Kg2 Nf6 25. Nb5 Qd7 26. h3 g5 27. Nc4 g4 28. h4
Nf3 29. Bc3 h5 30. Nd2 Nxd2 31. Rxd2 Rc8 32. Bb2 Rb6 33. Re1 e5 34. dxe6 Qxe6
35. e5 dxe5 36. Rxe5 Qc6+ 37. Kg1 Re8 38. Rd6 Qb7 39. Rxe8+ Nxe8 40. Rxb6 Qxb6
41. Bxg7 Nxg7 42. Qd3 Ne6 43. Qd5 Qa5 44. Nd6 Qe1+ 45. Kg2 Kf8 46. Qxh5 Ke7 47.
Nf5+ Kf6 48. Ne3 1-0

[Event "URS-ch sf"]
[Site "Irkutsk"]
[Date "1983.??.??"]
[Round "?"]
[White "Lputian, Smbat G"]
[Black "Bykhovsky, Avigdor"]
[Result "0-1"]
[WhiteElo "2495"]
[BlackElo "2445"]
[PlyCount "75"]
[EventDate "1983.09.??"]
[EventType "tourn"]
[EventRounds "17"]
[EventCountry "URS"]
[EventCategory "9"]
[Source "ChessBase"]
[SourceDate "1996.11.15"]
[WhiteTeamCountry "YUG"]
[BlackTeamCountry "YUG"]

1. d4 Nf6 2. c4 c5 3. d5 b5 4. cxb5 a6 5. bxa6 g6 6. b3 Bg7 7. Bb2 O-O 8. g3
Nxa6 9. Bg2 Bb7 10. e4 Qa5+ 11. Bc3 Nb4 12. Ne2 Qb5 13. a4 Nd3+ 14. Kf1 Qa6 15.
Bf3 e6 16. Kg2 exd5 17. exd5 Nxd5 18. Bxg7 Kxg7 19. Nec3 N5b4 20. Nd2 d5 21.
Na2 Nxa2 22. Rxa2 Ne5 23. Be2 d4+ 24. f3 d3 25. Qa1 f6 26. Bd1 Rfe8 27. Qc3
Rac8 28. Re1 Bd5 29. h3 c4 30. b4 Nf7 31. Rxe8 Rxe8 32. b5 Qe6 33. Nf1 Ng5 34.
h4 Qh3+ 35. Kf2 Nxf3 36. Bxf3 Bxf3 37. Kxf3 Qxf1+ 38. Rf2 0-1

[Event "Paris op-1"]
[Site "Paris"]
[Date "1989.??.??"]
[Round "?"]
[White "Marchand, Francois"]
[Black "Stomer, A."]
[Result "0-1"]
[WhiteElo "1970"]
[BlackElo "2310"]
[PlyCount "52"]
[EventDate "1989.??.??"]
[EventType "swiss"]
[EventRounds "9"]
[EventCountry "FRA"]
[Source "ChessBase"]
[SourceDate "1996.11.15"]
[WhiteTeamCountry "YUG"]
[BlackTeamCountry "YUG"]

1. d4 Nf6 2. c4 c5 3. d5 b5 4. cxb5 a6 5. bxa6 g6 6. b3 Bg7 7. Bb2 O-O 8. g3
Nxa6 9. Bg2 Bb7 10. e4 e6 11. dxe6 fxe6 12. f3 Nxe4 13. Bxg7 Kxg7 14. fxe4 Qf6
15. Qxd7+ Rf7 16. Qd2 Bxe4 17. Nf3 Qxa1 18. O-O Bxb1 19. Qd1 Raf8 20. Qd6 Rxf3
21. Bxf3 Qd4+ 22. Qxd4+ cxd4 23. Rxb1 Rxf3 24. b4 d3 25. b5 Nc5 26. b6 Rf8 0-1

[Event "Biel MTO op"]
[Site "Biel"]
[Date "1989.??.??"]
[Round "1"]
[White "Schienmann, Bruno"]
[Black "Marinkovic, Ivan"]
[Result "0-1"]
[WhiteElo "2250"]
[BlackElo "2420"]
[PlyCount "58"]
[EventDate "1989.07.??"]
[EventType "swiss"]
[EventRounds "11"]
[EventCountry "SUI"]
[Source "ChessBase"]
[SourceDate "1996.11.15"]
[WhiteTeamCountry "YUG"]
[BlackTeamCountry "YUG"]

1. d4 Nf6 2. c4 c5 3. d5 b5 4. cxb5 a6 5. bxa6 g6 6. b3 Bg7 7. Bb2 O-O 8. g3
Nxa6 9. Bg2 Bb7 10. e4 e6 11. Ne2 exd5 12. exd5 Nb4 13. a3 Bxd5 14. Bxd5 Nbxd5
15. O-O Re8 16. Nd2 Qe7 17. Re1 Ra6 18. Nf3 Re6 19. Nc3 Rxe1+ 20. Qxe1 Qd8 21.
Qd2 Nxc3 22. Qxc3 Re2 23. Nd2 Ne8 24. Qc1 Bxb2 25. Qxb2 Qg5 26. Rd1 Qf5 27. Rf1
Qd3 28. Rd1 Nd6 29. a4 Qf5 0-1

[Event "Beersheba"]
[Site "Beersheba"]
[Date "1984.??.??"]
[Round "8"]
[White "Suba, Mihai"]
[Black "Pasman, Michael"]
[Result "1-0"]
[WhiteElo "2525"]
[BlackElo "2335"]
[PlyCount "69"]
[EventDate "1984.02.??"]
[EventType "tourn"]
[EventRounds "13"]
[EventCountry "ISR"]
[EventCategory "9"]
[Source "ChessBase"]
[SourceDate "1996.11.15"]
[WhiteTeamCountry "YUG"]
[BlackTeamCountry "YUG"]

1. d4 Nf6 2. c4 c5 3. d5 b5 4. cxb5 a6 5. bxa6 g6 6. g3 Bg7 7. d6 Qa5+ 8. Bd2
Qxa6 9. dxe7 Qb7 10. Nf3 Ne4 11. Nc3 Qxb2 12. Nxe4 Qxa1 13. Nd6+ Kxe7 14. Bg5+
Ke6 15. Bh3+ f5 16. O-O Qxd1 17. Rxd1 Ba6 18. e4 Bd4 19. Bf4 Kf6 20. exf5 Be2
21. Bg5+ Kg7 22. Nxd4 h6 23. f6+ Kg8 24. Nxe2 hxg5 25. Bg2 Ra6 26. Nc3 g4 27.
Nce4 Rh5 28. f7+ Kg7 29. Nf6 Rh8 30. Nxg4 Rxa2 31. Ne5 Ra4 32. Be4 Nc6 33. Ne8+
Kh6 34. Ng4+ Kg5 35. f4+ 1-0

[Event "Cannes Martinez op"]
[Site "Cannes"]
[Date "1992.??.??"]
[Round "?"]
[White "Dieu, Bruno"]
[Black "Lazarev, Vladimir"]
[Result "0-1"]
[WhiteElo "2290"]
[BlackElo "2430"]
[PlyCount "62"]
[EventDate "1992.07.??"]
[EventType "swiss"]
[EventRounds "9"]
[EventCountry "FRA"]
[Source "ChessBase"]
[SourceDate "1996.11.15"]
[WhiteTeamCountry "YUG"]
[BlackTeamCountry "YUG"]

1. d4 Nf6 2. c4 c5 3. d5 b5 4. cxb5 a6 5. bxa6 g6 6. g3 Bg7 7. d6 O-O 8. Bg2
Rxa6 9. dxe7 Qxe7 10. Nh3 d5 11. O-O Rd8 12. Bg5 h6 13. Bxf6 Bxf6 14. Nc3 d4
15. Ne4 Bg7 16. Nf4 c4 17. Rc1 Bb7 18. Qc2 Rc8 19. b4 Nd7 20. Nd6 Rxd6 21. Bxb7
Rb8 22. Bg2 Ne5 23. Rfd1 Qa7 24. Rb1 Ra6 25. Bd5 Rxa2 26. Qe4 Kh7 27. b5 f5 28.
Qg2 d3 29. exd3 Ng4 30. Rf1 Nxf2 31. Rxf2 Rxf2 0-1

[Event "Bundesliga 8687"]
[Site "Germany"]
[Date "1987.??.??"]
[Round "?"]
[White "Kaiser, Wolfgang"]
[Black "Wegner, Hannu"]
[Result "0-1"]
[WhiteElo "2335"]
[BlackElo "2345"]
[PlyCount "58"]
[EventDate "1986.10.??"]
[EventType "team"]
[EventRounds "15"]
[EventCountry "GER"]
[Source "ChessBase"]
[SourceDate "1996.11.15"]
[WhiteTeam "Muenchen 36"]
[BlackTeam "Hamburger SK"]
[WhiteTeamCountry "GER"]
[BlackTeamCountry "GER"]

1. d4 Nf6 2. c4 c5 3. d5 b5 4. cxb5 a6 5. bxa6 g6 6. g3 d6 7. b3 Bg7 8. Bb2
Nxa6 9. Bg2 O-O 10. a3 Nc7 11. Nc3 Bb7 12. Ra2 Ra7 13. h4 Qa8 14. e4 e6 15.
Nge2 exd5 16. exd5 Ncxd5 17. Nb5 Ne3 18. fxe3 Bxg2 19. Rg1 Rd7 20. Qa1 Nh5 21.
Nf4 Bxb2 22. Qxb2 Nxf4 23. gxf4 Bc6 24. Nc3 Re8 25. Nd1 Bf3 26. Qc3 Qe4 27. Kf2
Bh5 28. Rd2 Qf3+ 29. Ke1 Rde7 0-1

[Event "Luxembourg op 27th"]
[Site "Luxembourg"]
[Date "1988.??.??"]
[Round "4"]
[White "Spacek, Petr"]
[Black "Mainka, Romuald"]
[Result "0-1"]
[WhiteElo "2370"]
[BlackElo "2450"]
[PlyCount "86"]
[EventDate "1988.05.??"]
[EventType "swiss"]
[EventRounds "9"]
[EventCountry "LUX"]
[Source "ChessBase"]
[SourceDate "1996.11.15"]
[WhiteTeamCountry "GER"]
[BlackTeamCountry "GER"]

1. d4 Nf6 2. c4 c5 3. d5 b5 4. cxb5 a6 5. bxa6 g6 6. g3 d6 7. b3 Bg7 8. Bb2 O-O
9. Bg2 Nxa6 10. Qd2 Bf5 11. Nc3 Nb4 12. Kf1 Qa5 13. Nf3 Be4 14. Na4 Bxd5 15.
Ng5 h6 16. Bxd5 Nbxd5 17. Nf3 Rfb8 18. Nc3 Nxc3 19. Qxc3 Qxc3 20. Bxc3 Ne4 21.
Bxg7 Kxg7 22. Kg2 Nc3 23. Nd2 Nxa2 24. Kf3 Nb4 25. e3 Nc2 26. Rxa8 Rxa8 27. h4
Ra2 28. Ke2 h5 29. Rc1 Nb4 30. Rb1 Kf6 31. Rc1 e5 32. e4 Ke6 33. Ke3 Nc2+ 34.
Kd3 Nd4 35. Rb1 f5 36. f3 d5 37. exd5+ Kxd5 38. Ke3 e4 39. fxe4+ fxe4 40. Rf1
Nf5+ 41. Rxf5+ gxf5 42. Nc4 Rg2 43. Kf4 Kd4 0-1

[Event "Santiago"]
[Site "Santiago"]
[Date "1981.??.??"]
[Round "5"]
[White "Campos Moreno, Javier B"]
[Black "Alburt, Lev O"]
[Result "1/2-1/2"]
[WhiteElo "2410"]
[BlackElo "2580"]
[PlyCount "102"]
[EventDate "1981.08.??"]
[EventType "tourn"]
[EventRounds "11"]
[EventCountry "CHI"]
[EventCategory "8"]
[Source "ChessBase"]
[SourceDate "1996.11.15"]
[WhiteTeamCountry "GER"]
[BlackTeamCountry "GER"]

1. d4 Nf6 2. c4 c5 3. d5 b5 4. cxb5 a6 5. bxa6 g6 6. g3 d6 7. b3 Bg7 8. Bb2
Nxa6 9. Bg2 O-O 10. e4 Qa5+ 11. Bc3 Nb4 12. a3 Nfxd5 13. exd5 Bf5 14. Bxg7 Kxg7
15. Kf1 Nc2 16. Ra2 Qb5+ 17. Ne2 Qxb3 18. Nbc3 Ra4 19. h3 Rfa8 20. Kg1 Rxa3 21.
Rxa3 Rxa3 22. Kh2 Qc4 23. Qd2 Nb4 24. Rd1 Bd3 25. Kg1 Kg8 26. Rc1 Qb3 27. h4 h5
28. Nf4 Bf5 29. Ne4 Qa4 30. Ng5 Qa7 31. Qe2 Ra2 32. Qb5 Kf8 33. Qc4 Qa3 34. Be4
Qb2 35. Rf1 Bxe4 36. Qxe4 Qc2 37. Nh7+ Ke8 38. Qe3 Qd2 39. Qb3 f6 40. Nxg6 Qd3
41. Qb1 Qxb1 42. Rxb1 Nxd5 43. Rd1 Nc3 44. Re1 Kf7 45. Nh8+ Kg8 46. Rxe7 Ra1+
47. Kh2 Nd5 48. Rd7 Kxh8 49. Rxd6 Kxh7 50. Rxd5 Kg6 51. Rxc5 Ra3 1/2-1/2

[Event "Biel Mixed"]
[Site "Biel"]
[Date "1991.??.??"]
[Round "4"]
[White "Hansen, Lars Bo"]
[Black "Cramling, Pia"]
[Result "1/2-1/2"]
[WhiteElo "2510"]
[BlackElo "2485"]
[PlyCount "81"]
[EventDate "1991.07.??"]
[EventType "tourn"]
[EventRounds "11"]
[EventCountry "SUI"]
[EventCategory "9"]
[Source "ChessBase"]
[SourceDate "1996.11.15"]
[WhiteTeamCountry "GER"]
[BlackTeamCountry "GER"]

1. d4 Nf6 2. c4 c5 3. d5 b5 4. cxb5 a6 5. bxa6 g6 6. g3 Bg7 7. Bg2 d6 8. Nc3
Nxa6 9. Nf3 O-O 10. O-O Qb6 11. Nd2 Nc7 12. Rb1 Nd7 13. Qc2 Ba6 14. a3 Rfb8 15.
Re1 Qb7 16. b3 Bxc3 17. Qxc3 Nxd5 18. Qc2 Bb5 19. e4 Nc7 20. Bb2 Bc6 21. b4 Ba4
22. Qc3 e5 23. Qe3 cxb4 24. axb4 Qa7 25. Qxa7 Rxa7 26. Ba1 Bb5 27. Bf1 Bxf1 28.
Kxf1 Na6 29. Nc4 Nxb4 30. Bc3 Nd3 31. Rxb8+ Nxb8 32. Rd1 Rc7 33. Rxd3 Rxc4 34.
Rxd6 Rxc3 35. Rd8+ Kg7 36. Rxb8 Rc4 37. f3 Rc1+ 38. Kg2 Rc2+ 39. Kg1 h5 40. Rb6
Rc5 41. Kg2 1/2-1/2

[Event "Zagreb zt"]
[Site "Zagreb"]
[Date "1993.??.??"]
[Round "11"]
[White "Hulak, Krunoslav"]
[Black "Alterman, Boris"]
[Result "1-0"]
[WhiteElo "2540"]
[BlackElo "2600"]
[PlyCount "75"]
[EventDate "1993.03.??"]
[EventType "tourn"]
[EventRounds "13"]
[EventCountry "CRO"]
[EventCategory "11"]
[Source "ChessBase"]
[SourceDate "1996.11.15"]
[WhiteTeamCountry "GER"]
[BlackTeamCountry "GER"]

1. d4 Nf6 2. c4 c5 3. d5 b5 4. cxb5 a6 5. bxa6 g6 6. g3 d6 7. Bg2 Bg7 8. Nc3
O-O 9. Nf3 Nxa6 10. O-O Qb6 11. Re1 Ng4 12. h3 Ne5 13. Nd2 Nc7 14. f4 Nd7 15.
a4 Ba6 16. Kh2 Rab8 17. Ra3 c4 18. Qc2 Nc5 19. Nd1 Qb4 20. Ne3 Nb3 21. Nexc4
Bxc4 22. Qxc4 Nxc1 23. Rxc1 Qxd2 24. Rc2 Qe1 25. Qxc7 Bd4 26. h4 Bc5 27. Rac3
Qa1 28. Rxc5 dxc5 29. Qxe7 Rfd8 30. Qxc5 Rxb2 31. Qc6 Rdb8 32. Bf3 Rxc2 33.
Qxc2 Kg7 34. Qc7 Rb1 35. d6 Qd4 36. d7 Rd1 37. a5 Kh6 38. d8=Q 1-0

[Event "Lenk op"]
[Site "Lenk"]
[Date "1991.??.??"]
[Round "4"]
[White "Efimov, Igor"]
[Black "Erdelyi, Tamas"]
[Result "0-1"]
[WhiteElo "2470"]
[BlackElo "2320"]
[PlyCount "78"]
[EventDate "1991.06.??"]
[EventType "swiss"]
[EventRounds "9"]
[EventCountry "SUI"]
[Source "ChessBase"]
[SourceDate "1996.11.15"]
[WhiteTeamCountry "GER"]
[BlackTeamCountry "GER"]

1. d4 Nf6 2. c4 c5 3. d5 b5 4. cxb5 a6 5. bxa6 g6 6. g3 d6 7. Bg2 Bg7 8. Nh3
Nxa6 9. Nf4 O-O 10. h4 h5 11. Nc3 Qb6 12. O-O Nc7 13. Qc2 Bf5 14. e4 Bc8 15.
Bd2 Ba6 16. Rfc1 Ng4 17. Rab1 Nb5 18. Nxb5 Bxb5 19. b3 Bd4 20. Be1 Ra3 21. Ne2
Bxe2 22. Qxe2 Qa7 23. Rc2 Ra8 24. Bh3 Ne5 25. Rbc1 Rxa2 26. Kg2 Qa6 27. Qd2
Rxc2 28. Rxc2 Qd3 29. Qxd3 Nxd3 30. Bc3 Ra3 31. Kf1 Nb4 32. Bxb4 cxb4 33. Bd7
Rxb3 34. Ke2 Ra3 35. Rc8+ Kg7 36. Rb8 b3 37. g4 b2 38. gxh5 Ra1 39. Kd3 Bf6 0-1

[Event "Rubinstein mem"]
[Site "Polanica Zdroj"]
[Date "1992.??.??"]
[Round "9"]
[White "Flear, Glenn C"]
[Black "Mainka, Romuald"]
[Result "1-0"]
[WhiteElo "2505"]
[BlackElo "2550"]
[PlyCount "71"]
[EventDate "1992.08.??"]
[EventType "tourn"]
[EventRounds "11"]
[EventCountry "POL"]
[EventCategory "12"]
[Source "ChessBase"]
[SourceDate "1996.11.15"]
[WhiteTeamCountry "GER"]
[BlackTeamCountry "GER"]

1. d4 Nf6 2. c4 c5 3. d5 b5 4. cxb5 a6 5. e3 g6 6. Nc3 Bg7 7. a4 O-O 8. Nf3 Bb7
9. Rb1 e6 10. dxe6 fxe6 11. Be2 axb5 12. axb5 d5 13. O-O Qe7 14. Bd2 e5 15. e4
d4 16. Bc4+ Kh8 17. Nd5 Nxd5 18. exd5 Nd7 19. Ng5 Nb6 20. d6 Qxd6 21. Nf7+ Rxf7
22. Bxf7 Qd7 23. Qb3 Nd5 24. Bxd5 Bxd5 25. Qg3 c4 26. Ra1 Re8 27. Ra5 Bb7 28.
f3 Qc7 29. Rfa1 Qb6 30. Kh1 Qc5 31. Qg4 Qd5 32. b6 Qc6 33. Ra7 h5 34. Qg5 Kh7
35. Rxb7 Qxb7 36. Ra7 1-0

[Event "CAN-chB"]
[Site "Edmonton"]
[Date "1985.??.??"]
[Round "2"]
[White "Ivanov, Igor V"]
[Black "Hartman, Brian"]
[Result "1/2-1/2"]
[WhiteElo "2465"]
[BlackElo "2350"]
[PlyCount "64"]
[EventDate "1985.06.??"]
[EventType "tourn"]
[EventRounds "9"]
[EventCountry "CAN"]
[EventCategory "3"]
[Source "ChessBase"]
[SourceDate "1996.11.15"]
[WhiteTeamCountry "GER"]
[BlackTeamCountry "GER"]

1. d4 Nf6 2. c4 c5 3. d5 b5 4. cxb5 a6 5. e3 g6 6. Nc3 Bg7 7. Nf3 O-O 8. a4 Bb7
9. bxa6 Nxa6 10. Bc4 Ne8 11. O-O Nd6 12. Be2 Nc7 13. e4 Bxc3 14. bxc3 Nxe4 15.
c4 Nc3 16. Qc2 Nxe2+ 17. Qxe2 Ba6 18. Qe4 Ne8 19. Bh6 Nd6 20. Qf4 Re8 21. Nd2
Nf5 22. Rfe1 Qb8 23. Rab1 Qxf4 24. Bxf4 f6 25. Bc7 Kf7 26. a5 Rac8 27. Bb6 h5
28. f3 h4 29. Kf2 Nd6 30. Rbc1 e5 31. dxe6+ Rxe6 32. Rxe6 dxe6 1/2-1/2